<?xml version="1.0" encoding="UTF-8"?>
<record
    xmlns:xsi="http://www.w3.org/2001/XMLSchema-instance"
    xsi:schemaLocation="http://www.loc.gov/MARC21/slim http://www.loc.gov/standards/marcxml/schema/MARC21slim.xsd"
    xmlns="http://www.loc.gov/MARC21/slim">

  <leader>05298nam a2200409 a 4500</leader>
  <controlfield tag="003">CHAP</controlfield>
  <controlfield tag="005">20250610182953.0</controlfield>
  <controlfield tag="007">ta</controlfield>
  <controlfield tag="008">250610s2024    mx ado|fsm||| 001 0 spa d</controlfield>
  <datafield tag="040" ind1=" " ind2=" ">
    <subfield code="e">rda</subfield>
  </datafield>
  <datafield tag="041" ind1=" " ind2=" ">
    <subfield code="a">spa</subfield>
    <subfield code="b">eng</subfield>
  </datafield>
  <datafield tag="100" ind1="1" ind2=" ">
    <subfield code="a">Tafoya Flores, Eliseo</subfield>
    <subfield code="9">190606</subfield>
  </datafield>
  <datafield tag="240" ind1="1" ind2="0">
    <subfield code="a">Development of a stable and sensorially acceptable product made from freeze-dried criollo avocado.</subfield>
    <subfield code="l">Espa&#xF1;ol</subfield>
  </datafield>
  <datafield tag="245" ind1="1" ind2="0">
    <subfield code="a">Desarrollo de un producto estable y sensorialmente aceptable elaborado a base de aguacate criollo liofilizado /</subfield>
    <subfield code="c">Eliseo Tafoya Flores</subfield>
  </datafield>
  <datafield tag="264" ind1=" " ind2=" ">
    <subfield code="a">Chapingo, M&#xE9;xico :</subfield>
    <subfield code="b">El autor,</subfield>
    <subfield code="c">2024</subfield>
  </datafield>
  <datafield tag="300" ind1=" " ind2=" ">
    <subfield code="a">1 recurso en l&#xED;nea (70 p&#xE1;ginas) :</subfield>
    <subfield code="b">ilustraciones, gr&#xE1;ficas, tablas, fotos</subfield>
  </datafield>
  <datafield tag="336" ind1=" " ind2=" ">
    <subfield code="2">rdacontent</subfield>
    <subfield code="a">texto</subfield>
    <subfield code="b">txt</subfield>
  </datafield>
  <datafield tag="337" ind1=" " ind2=" ">
    <subfield code="2">rdamedia</subfield>
    <subfield code="a">computadora</subfield>
    <subfield code="b">c</subfield>
  </datafield>
  <datafield tag="338" ind1=" " ind2=" ">
    <subfield code="2">rdacarrier</subfield>
    <subfield code="a">recurso en l&#xED;nea</subfield>
    <subfield code="b">cr</subfield>
  </datafield>
  <datafield tag="502" ind1=" " ind2=" ">
    <subfield code="a">Tesis</subfield>
    <subfield code="b">MCTA</subfield>
    <subfield code="c">Agroindustrias</subfield>
    <subfield code="d">2024</subfield>
    <subfield code="g">MAE</subfield>
  </datafield>
  <datafield tag="504" ind1=" " ind2=" ">
    <subfield code="a">Incluye bibliograf&#xED;as</subfield>
  </datafield>
  <datafield tag="520" ind1="3" ind2=" ">
    <subfield code="a">El aguacate criollo de la raza mexicana (Persea americana var. drymifolia) destaca por sus propiedades nutrac&#xE9;uticas superiores en comparaci&#xF3;n con variedades comerciales como el Hass. Sin embargo, su alta perecibilidad limita su comercializaci&#xF3;n. Este estudio evalu&#xF3; la liofilizaci&#xF3;n como m&#xE9;todo de conservaci&#xF3;n para desarrollar un producto estable y sensorialmente aceptable que preserve las propiedades nutrac&#xE9;uticas del aguacate criollo. Se recolectaron frutos de cinco &#xE1;rboles en Tochimilco, Puebla, y se sometieron a liofilizaci&#xF3;n tras un pretratamiento con &#xE1;cido asc&#xF3;rbico (5%). Se analizaron fenoles totales, actividad antioxidante, &#xED;ndice de per&#xF3;xidos, &#xED;ndice de acidez y contenido de aceite en la pulpa liofilizada, tanto al d&#xED;a 1 como tras 90 d&#xED;as de almacenamiento. Tambi&#xE9;n se realiz&#xF3; una evaluaci&#xF3;n sensorial con panelistas no entrenados. Los resultados mostraron que no hubo diferencias significativas en fenoles totales y actividad antioxidante, cuyos valores fueron consistentes (fenoles: 2.37-2.55 mg EAG g&#x207B;&#xB9; bs; actividad antioxidante: 7.10-7.60 mMol TE g&#x207B;&#xB9; bs). El &#xED;ndice de per&#xF3;xidos y acidez aument&#xF3; durante el almacenamiento, destacando los tratamientos T4 y T5 por su estabilidad oxidativa y menor acidez, lo que sugiere su potencial comercial. El contenido de aceite vari&#xF3; entre 22.4 % y 26.5 % al d&#xED;a 1, pero disminuy&#xF3; tras 90 d&#xED;as, alcanzando valores entre 20.1 % y 22.9 %. La evaluaci&#xF3;n sensorial indic&#xF3; que todos los tratamientos fueron igualmente aceptados, con puntuaciones cercanas a 4 en una escala hed&#xF3;nica de 9 puntos, reflejando una aceptaci&#xF3;n moderada. Este estudio confirma la viabilidad del aguacate criollo para desarrollar productos nutrac&#xE9;uticos de alta calidad, sugiriendo realizar evaluaciones sensoriales frecuentes para evaluar la aceptabilidad a largo plazo. --</subfield>
  </datafield>
  <datafield tag="520" ind1="3" ind2=" ">
    <subfield code="a">Criollo Avocado of the Mexican Race (Persea americana var. drymifolia) stands out for its superior nutraceutical properties compared to commercial varieties like Hass. However, its high perishability limits its commercialization. This study evaluated freeze-drying as a preservation method to develop a stable and sensorily acceptable product that preserves the nutraceutical properties of criollo avocado. Fruits were collected from five trees in Tochimilco, Puebla, and subjected to freeze-drying after a pretreatment with ascorbic acid (5%). Total phenols, antioxidant activity, peroxide index, acidity index, and oil content in the freeze-dried pulp were analyzed on day 1 and after 90 days of storage. A sensory evaluation was also performed with untrained panelists. The results showed no significant differences in total phenols and antioxidant activity, with consistent values observed (total phenols: 2.37-2.55 mg EAG g&#x207B;&#xB9; dw; antioxidant activity: 7.10-7.60 mMol TE g&#x207B;&#xB9; dw). The peroxide and acidity indices increased during storage, with treatments T4 and T5 standing out for their oxidative stability and lower acidity, suggesting their commercial potential. The oil content ranged from 22.4% to 26.5% on day 1 but decreased after 90 days, reaching values between 20.1% and 22.9%. The sensory evaluation indicated that all treatments were equally accepted, with average scores close to 4 on a 9-point hedonic scale, reflecting moderate acceptability. This study confirms the viability of criollo avocado for developing high-quality nutraceutical products, suggesting the need for frequent sensory evaluations to assess long-term acceptability.</subfield>
  </datafield>
  <datafield tag="650" ind1="1" ind2="3">
    <subfield code="a">Aguacate</subfield>
    <subfield code="2">atg</subfield>
    <subfield code="9">2490</subfield>
    <subfield code="x">Secado por congelaci&#xF3;n</subfield>
  </datafield>
  <datafield tag="650" ind1="1" ind2="3">
    <subfield code="a">Aguacate</subfield>
    <subfield code="2">atg</subfield>
    <subfield code="9">2490</subfield>
    <subfield code="x">Fruta deshidratada</subfield>
    <subfield code="x">Propiedades sensoriales</subfield>
  </datafield>
  <datafield tag="650" ind1="1" ind2="3">
    <subfield code="a">Aguacate</subfield>
    <subfield code="2">atg</subfield>
    <subfield code="9">2490</subfield>
    <subfield code="x">Alimentos deshidratados</subfield>
    <subfield code="x">Calidad del producto</subfield>
  </datafield>
  <datafield tag="650" ind1="1" ind2="3">
    <subfield code="a">Preservaci&#xF3;n de alimentos</subfield>
    <subfield code="2">atg</subfield>
    <subfield code="9">144378</subfield>
    <subfield code="x">Valor nutritivo</subfield>
  </datafield>
  <datafield tag="650" ind1="1" ind2="3">
    <subfield code="a">Avocados  </subfield>
    <subfield code="2">atg</subfield>
    <subfield code="9">148887</subfield>
    <subfield code="x">Freeze drying</subfield>
  </datafield>
  <datafield tag="650" ind1="1" ind2="0">
    <subfield code="a">Avocados  </subfield>
    <subfield code="2">atg</subfield>
    <subfield code="9">148887</subfield>
    <subfield code="x">Dried fruit</subfield>
    <subfield code="x">Sensory properties</subfield>
  </datafield>
  <datafield tag="650" ind1="1" ind2="0">
    <subfield code="a">Avocados  </subfield>
    <subfield code="2">atg</subfield>
    <subfield code="9">148887</subfield>
    <subfield code="x">Dried food</subfield>
    <subfield code="x">Product quality</subfield>
  </datafield>
  <datafield tag="650" ind1="1" ind2="3">
    <subfield code="a">Food preservation  </subfield>
    <subfield code="2">atg</subfield>
    <subfield code="9">147769</subfield>
    <subfield code="x">Nutritive value</subfield>
  </datafield>
  <datafield tag="700" ind1="1" ind2=" ">
    <subfield code="a">Corrales Garc&#xED;a, Jos&#xE9; Joel Enrique</subfield>
    <subfield code="9">148339</subfield>
    <subfield code="e">director</subfield>
  </datafield>
  <datafield tag="700" ind1="1" ind2=" ">
    <subfield code="a">Landa Salgado, Patricia</subfield>
    <subfield code="9">148104</subfield>
    <subfield code="e">asesora</subfield>
  </datafield>
  <datafield tag="700" ind1="1" ind2=" ">
    <subfield code="a">Torres Salas, Verenice</subfield>
    <subfield code="9">114233</subfield>
    <subfield code="e">asesora</subfield>
  </datafield>
  <datafield tag="856" ind1="4" ind2="0">
    <subfield code="z">DESCARGAR PDF</subfield>
  </datafield>
  <datafield tag="942" ind1=" " ind2=" ">
    <subfield code="2">Clasificaci&#xF3;n Universidad Aut&#xF3;noma Chapingo</subfield>
    <subfield code="c">TD</subfield>
  </datafield>
  <datafield tag="999" ind1=" " ind2=" ">
    <subfield code="c">220586</subfield>
    <subfield code="d">220586</subfield>
  </datafield>
  <datafield tag="952" ind1=" " ind2=" ">
    <subfield code="0">0</subfield>
    <subfield code="1">0</subfield>
    <subfield code="2">local</subfield>
    <subfield code="4">0</subfield>
    <subfield code="7">0</subfield>
    <subfield code="8">TesDigM</subfield>
    <subfield code="a">IA_</subfield>
    <subfield code="b">IA_</subfield>
    <subfield code="c">E_L</subfield>
    <subfield code="d">2025-06-10</subfield>
    <subfield code="e">El autor</subfield>
    <subfield code="l">0</subfield>
    <subfield code="p">1201015538</subfield>
    <subfield code="r">2025-06-10 19:30:40</subfield>
    <subfield code="w">2025-06-10</subfield>
    <subfield code="y">TD</subfield>
  </datafield>
</record>
